Histoire du drapeau de la Colombie - Statistiques

Statistiques générales
  • Ce quiz a été pris 65 fois
  • Le résultat moyen est 4 sur 10
Statistiques - réponses
Hint Réponse % Correct
Deuxième drapeau des États-Unis de Colombie (1861-1886) et Colombie (drapeau actuel depuis 1886)
68%
Troisième drapeau de la Grande Colombie (1821-1831)
49%
Premier drapeau des États-Unis de Colombie (1861)
43%
Deuxième drapeau de la Nouvelle-Grenade (1717-1785)
43%
Premier drapeau de la Nouvelle-Grenade (1506-1717)
43%
Troisième drapeau de la Nouvelle-Grenade (1785-1811 et 1816-1819)
35%
Deuxième drapeau de la Grande Colombie (1820-1821)
32%
Provinces unies de Nouvelle-Grenade (1811-1816)
27%
République de Nouvelle-Grenade (1831-1858) et Confédération Grenadine (1858-1861)
24%
Premier drapeau de la Grande Colombie (1819-1820)
22%
Aucun quiz correspondant
Distribution des résultats
% des personnes avec chaque résultat
Percentile par nombre de réponses
Votre historique - résultats
Vous n’avez pas pris ce quiz